| 000 | 00547nam a2200181 a 4500 | ||
|---|---|---|---|
| 001 | 000011211 | ||
| 005 | 20240412074224.0 | ||
| 008 | 091015s1963 dr 001 p spa d | ||
| 040 |
_aDO-SdBNP _bspa _cBNPHU |
||
| 082 |
_aRD861.44 _bR589o |
||
| 100 | 1 |
_aRipley Lamarche, Boanerges A. _926772 |
|
| 245 | 1 | 0 |
_aOpúsculo carcelario : _bpoemas / _cBoanerges A. Ripley Lamarche. |
| 260 |
_aSanto Domingo : _b[s. e.], _c1963. |
||
| 300 |
_axiii p. ; _c21 cm. |
||
| 650 | 0 |
_aPoesía dominicana _966 |
|
| 650 | 0 |
_aLiteratura dominicana. _967 |
|
| 049 | _aBNPD | ||
| 999 |
_c10930 _d10930 |
||